000 00988nam a22003257a 4500
001 055
003 DO-SdBNP
005 20180220090643.0
007 055
008 151005b 1991 sp a 00| 0 spa d
020 _a8434815583
040 _aBPMSU
_bspa
_cBPMSU
092 _aXXXX
_bXXXX
100 1 _aCamus, William
240 1 0 _aCe sacré Far West
_f1985
_lfre.
245 1 0 _aAquel formidable Far West /
_cWilliam Camus ; ilustración Teo Puebla ; traducción Guillermo Solana ; colección dirigida por Marinella Terzi
250 _a6a. ed.
260 _aMadrid :
_bEdiciones SM,
_c1991.
300 _a157 p. :
_bil. ;
_c19 cm.
490 1 _aEl barco de vapor
_v21
_6serie Roja
521 1 _aA partir de los 12 años
700 1 2 _aPuebla, Teo
_eil.
700 1 2 _aSolana, Guillermo
_etrad.
700 1 2 _aTerzi, Marinella
_edir.
830 0 _aBarco de vapor
_n21
_gSerie roja
910 _a202
942 _2ddc
_cBK
945 _aInventariado, 2018/ YL
956 _aYLOCKWARD
_b10
_cBPMSU
999 _c8444
_d8444